[Event "Noale Szabados Memorial-B 3rd"]
[Site "Noale"]
[Date "2010.02.07"]
[Round "5"]
[White "Zamengo, Fulvio"]
[Black "Flatscher, Tobias"]
[Result "1-0"]
[WhiteElo "1926"]
[BlackElo "1748"]
[PlyCount "67"]
[EventDate "2010.02.05"]
[EventType "swiss"]
[EventRounds "5"]
[EventCountry "ITA"]
[SourceTitle "EXT 2022"]
[Source "ChessBase"]
[SourceDate "2021.10.06"]
[SourceVersion "1"]
[SourceVersionDate "2021.10.06"]
[SourceQuality "1"]

1. e4 c5 2. Nf3 e6 3. d4 cxd4 4. Nxd4 Qb6 5. Nc3 Bc5 6. Be3 Nc6 7. Na4 Qa5+ 8. c3 Nxd4 9. Nxc5 Qxc5 10. cxd4 Qb4+ 11. Qd2 Qxd2+ 12. Bxd2 Nf6 13. f3 0-0 14. Bd3 b6 15. Kf2 Bb7 16. Rhc1 Rfc8 17. Ke3 Rxc1 18. Rxc1 Rc8 19. Rxc8+ Bxc8 20. Kf4 d6 21. Bb4 d5 22. h3 Bb7 23. Ke5 dxe4 24. fxe4 a6 25. a4 h6 26. Be7 b5 27. axb5 axb5 28. Bxf6 gxf6+ 29. Kxf6 Bc6 30. b4 Kf8 31. g3 Bd7 32. d5 exd5 33. exd5 Be8 34. Bf5 1-0

[Event "Noale Szabados Memorial-B 3rd"]
[Site "Noale"]
[Date "2010.02.06"]
[Round "2"]
[White "Flatscher, Tobias"]
[Black "Montato, Daniele"]
[Result "1-0"]
[WhiteElo "1748"]
[BlackElo "1440"]
[PlyCount "39"]
[EventDate "2010.02.05"]
[EventType "swiss"]
[EventRounds "5"]
[EventCountry "ITA"]
[SourceTitle "EXT 2022"]
[Source "ChessBase"]
[SourceDate "2021.10.06"]
[SourceVersion "1"]
[SourceVersionDate "2021.10.06"]
[SourceQuality "1"]

1. e4 e5 2. Nf3 Nf6 3. Nc3 Bc5 4. Bc4 Ng4 5. d4 Bxd4 6. Nxd4 Nxf2 7. Kxf2 exd4 8. Qxd4 f6 9. Re1 Nc6 10. Qd1 d6 11. Bf4 Rf8 12. Qh5+ g6 13. Qxh7 Ne5 14. Bxe5 fxe5+ 15. Kg1 c6 16. Qxg6+ Kd7 17. Rf1 Rxf1+ 18. Rxf1 Kc7 19. Qg7+ Kb8 20. Be6 1-0

[Event "Noale Szabados Memorial-B 3rd"]
[Site "Noale"]
[Date "2010.02.06"]
[Round "3"]
[White "Tomio, Dante"]
[Black "Flatscher, Tobias"]
[Result "1/2-1/2"]
[WhiteElo "1991"]
[BlackElo "1748"]
[PlyCount "52"]
[EventDate "2010.02.05"]
[EventType "swiss"]
[EventRounds "5"]
[EventCountry "ITA"]
[SourceTitle "EXT 2022"]
[Source "ChessBase"]
[SourceDate "2021.10.06"]
[SourceVersion "1"]
[SourceVersionDate "2021.10.06"]
[SourceQuality "1"]

1. d4 c5 2. Nf3 e6 3. c3 cxd4 4. Nxd4 d5 5. Bf4 Bd6 6. Bxd6 Qxd6 7. e3 a6 8. Bd3 Nf6 9. Nd2 Nbd7 10. Qe2 b5 11. Rd1 Bb7 12. Bc2 0-0 13. 0-0 Qc7 14. f3 Rac8 15. e4 dxe4 16. Nxe4 Nxe4 17. fxe4 Ne5 18. Bb3 Qe7 19. Rde1 Qg5 20. h3 Qg3 21. Nf3 Nxf3+ 22. Rxf3 Qe5 23. a3 Rcd8 24. Qe3 Rd7 25. Rg3 Rfd8 26. Rg5 Qd6 1/2-1/2